Malé a stredné podniky - významný faktor rozvoja Karpatského euroregiónu dizertačná práca
Guardado en:
| Autor principal: | |
|---|---|
| Autor Corporativo: | |
| Otros Autores: | |
| Formato: | Libro |
| Lenguaje: | eslovaco |
| Publicado: |
Košice
2005
|
| Materias: | |
| Etiquetas: |
Sin Etiquetas, Sea el primero en etiquetar este registro!
|
MARC
| LEADER | 00000nam$a2200000$$$4500 | ||
|---|---|---|---|
| 001 | 0040452 | ||
| 005 | 20240104133926.7 | ||
| 041 | 0 | |a slo | |
| 044 | |a SK | ||
| 245 | 1 | 0 | |a Malé a stredné podniky - významný faktor rozvoja Karpatského euroregiónu |b dizertačná práca |c Viera Kuzmišinová ; školiteľ: Alena Daňková |
| 264 | 1 | |a Košice |c 2005 | |
| 300 | |a 177 s. | ||
| 610 | 2 | 0 | |a politika regionálna |
| 610 | 2 | 0 | |a Európska únia |
| 610 | 2 | 0 | |a Slovensko |
| 610 | 2 | 0 | |a euroregióny |
| 610 | 2 | 0 | |a podnik malý |
| 610 | 2 | 0 | |a prostredie podnikateľské |
| 100 | 1 | |a Kuzmišinová, Viera | |
| 700 | 1 | |a Daňková, Alena | |
| 710 | 2 | |a Ekonomická univerzita v Bratislave. Podnikovohospodárska fakulta so sídlom v Košiciach | |